000 01480nam a2200409 i 4500
001 37456
003 KOSZ 005
005 20221214121543.0
008 970510s1994 pl a f |000 0 pol
015 _aPB 1995/2178
020 _a8386421134
040 _aWA N
_cWA N
_dKOSZ 005/HR
080 _a658.1/.5
080 _a005.511
080 _a(075.3)
100 1 _aPietraszewski, Marian
_eAutor
245 1 0 _aPlanowanie działalności gospodarczej - biznes plan /
_cMarian Pietraszewski.
250 _aWyd. 4.
260 _aPoznań :
_b"eMPi²",
_c1994.
300 _a112 s. :
_bwykr. ;
_c24 cm.
336 _2rdacontent
_aTekst
_btxt
337 _2rdamedia
_aBez urządzenia pośredniczącego
_bn
338 _2rdacarrier
_aWolumin
_bnc
380 _aKsiążki
388 _a1901-2000
388 _a1989-2000
500 _aU góry okł. : Materiały i Podręczniki Mariana Pietraszewskiego. - U góry s. tyt. : Materiały Pomocnicze - Mariana Pietraszewskiego.
510 _aBrak wyd. 1-3.
521 _aPodręcznik dla liceów ekonomicznych.
650 4 _aBiznesplan
655 4 _aMateriały pomocnicze dla szkół
658 _aZarządzanie i marketing
710 2 _aWydawnictwo eMPi² Mariana Pietraszewskiego
_4pbl.
830 0 _aMateriały i Podręczniki Mariana Pietraszewskiego
856 _uhttp://koha.tu.koszalin.pl/cgi-bin/koha/opac-detail.pl?biblionumber=37456
_yKatalog online BPK
942 _2UKD
_cKS
999 _c37456
_d37456